| 000 | 00433nam a2200181Ia 4500 | ||
|---|---|---|---|
| 008 | 230711s9999||||xx |||||||||||||| ||und|| | ||
| 020 | _a978-81-265-5658-8 | ||
| 041 | _aENG | ||
| 082 |
_a547 _bSM-M |
||
| 100 | _aSmith,Michael B | ||
| 245 | 0 | _aMarch's advanced organic Chemistry | |
| 250 | _a7th Ed. | ||
| 260 |
_c2013 _aNew Delhi _bWiley & Sons |
||
| 300 | _a1869 | ||
| 650 | _aChemistry | ||
| 700 | _aMarch,Jerry | ||
| 942 | _cBK | ||
| 999 |
_c5460 _d5460 |
||